00304nam a2200109 a 450000500170000000800410001705000180005810000170007624500330009326000310012644000370015720140414132119.0111122s19uu xx 00 eng d aERbW72C 1996 aKidd, Ronald aCOzy beds /cby Ronald Kidd. bAdvance publishers,c1996. aDisney's out and about with Pooh